Vista normal
Vista MARC
Entrada Nombre de reunión
Número de registros utilizados en: 1
001 - NÚMERO DE CONTROL
- campo de control: 55899
003 - IDENTIFICADOR DEL NÚMERO DE CONTROL
- campo de control: OSt
005 - FECHA Y HORA DE LA ÚLTIMA TRANSACCIÓN
- campo de control: 20200615034728.0
008 - DATOS DE LONGITUD FIJA
- campo de control de longitud fija: 200615|| aca||aabn | a|a d
040 ## - FUENTE DE LA CATALOGACIÓN
- Centro catalogador/agencia de origen: OSt
- Centro/agencia transcriptor: OSt
111 ## - ENCABEZAMIENTO--NOMBRE DE CONGRESO/REUNIÓN
- Nombre de congreso/reunión o jurisdicción como elemento de entrada: Conferencia del Poder Judicial: seguridad Jurídica y desarrollo Económico
- Número del congreso/reunión o número de parte o sección: (3a. :
- Fecha del congreso/reunión: 2002, jun. 7 :
- Sede del congreso/Lugar de la reunión: Santo Domingo)
670 ## - FUENTE DE DATOS ENCONTRADOS
- Cita de la fuente: Work cat.: (OSt)28455: Conferencia del Poder Judicial: seguridad Jurídica y desarrollo Económico (3a. : 2002, jun. 7 : Santo Domingo), Palabras del Dr. Jorge A. Subero Isa presidente de la Suprema Corte de Justicia en ocación "III Conferencia del Poder Judicial :, [2002?].
